<?xml version="1.0" encoding="UTF-8"?>
<record
    xmlns:xsi="http://www.w3.org/2001/XMLSchema-instance"
    xsi:schemaLocation="http://www.loc.gov/MARC21/slim http://www.loc.gov/standards/marcxml/schema/MARC21slim.xsd"
    xmlns="http://www.loc.gov/MARC21/slim">

  <leader>00983nam a2200277 i 4500</leader>
  <controlfield tag="001">174901</controlfield>
  <controlfield tag="003">ES-MaACL</controlfield>
  <controlfield tag="005">20251115063317.0</controlfield>
  <controlfield tag="008">100622s1935    sp       c   |||| | spa d</controlfield>
  <datafield tag="080" ind1=" " ind2=" ">
    <subfield code="a">017.1(460.27 M.)</subfield>
  </datafield>
  <datafield tag="080" ind1=" " ind2=" ">
    <subfield code="a">016:94(8=134.2)(093)</subfield>
  </datafield>
  <datafield tag="080" ind1=" " ind2=" ">
    <subfield code="a">016:091</subfield>
  </datafield>
  <datafield tag="100" ind1="1" ind2=" ">
    <subfield code="a">Dom&#xED;nguez Bordona, Jes&#xFA;s, </subfield>
    <subfield code="d">1889-1963</subfield>
    <subfield code="9">45195</subfield>
  </datafield>
  <datafield tag="245" ind1="1" ind2="0">
    <subfield code="a">Manuscritos de Am&#xE9;rica / </subfield>
    <subfield code="c">por Jes&#xFA;s Dominguez Bordona.</subfield>
  </datafield>
  <datafield tag="260" ind1=" " ind2=" ">
    <subfield code="a">Madrid : </subfield>
    <subfield code="b">[s.n.], </subfield>
    <subfield code="c">1935 (</subfield>
    <subfield code="f">Tall. De Blass)</subfield>
  </datafield>
  <datafield tag="300" ind1=" " ind2=" ">
    <subfield code="a">VIII, 250 p. ; </subfield>
    <subfield code="c">28 cm.</subfield>
  </datafield>
  <datafield tag="490" ind1="1" ind2=" ">
    <subfield code="a">Cat&#xE1;logo de la Biblioteca de Palacio ; </subfield>
    <subfield code="v">9</subfield>
  </datafield>
  <datafield tag="500" ind1=" " ind2=" ">
    <subfield code="a">&#xCD;ndice.</subfield>
  </datafield>
  <datafield tag="610" ind1="2" ind2="4">
    <subfield code="a">Palacio Real (Madrid). </subfield>
    <subfield code="b">Biblioteca-</subfield>
    <subfield code="v">Cat&#xE1;logos.</subfield>
    <subfield code="9">143157</subfield>
  </datafield>
  <datafield tag="650" ind1=" " ind2="4">
    <subfield code="a">Manuscritos-</subfield>
    <subfield code="v">Cat&#xE1;logos.</subfield>
    <subfield code="9">136460</subfield>
  </datafield>
  <datafield tag="651" ind1=" " ind2="4">
    <subfield code="a">Am&#xE9;rica espa&#xF1;ola-</subfield>
    <subfield code="x">Historia-</subfield>
    <subfield code="v">Fuentes.</subfield>
    <subfield code="9">7728</subfield>
  </datafield>
  <datafield tag="710" ind1="2" ind2=" ">
    <subfield code="a">Palacio Real (Madrid). </subfield>
    <subfield code="b">Biblioteca.</subfield>
    <subfield code="9">6101</subfield>
  </datafield>
  <datafield tag="830" ind1="0" ind2="0">
    <subfield code="a">Cat&#xE1;logo de la Biblioteca de Palacio</subfield>
    <subfield code="v">9</subfield>
    <subfield code="9">223806</subfield>
  </datafield>
  <datafield tag="852" ind1=" " ind2=" ">
    <subfield code="a">ES-MaACL</subfield>
    <subfield code="j">B-13794</subfield>
  </datafield>
  <datafield tag="999" ind1=" " ind2=" ">
    <subfield code="c">174901</subfield>
    <subfield code="d">174901</subfield>
  </datafield>
  <datafield tag="952" ind1=" " ind2=" ">
    <subfield code="0">0</subfield>
    <subfield code="1">0</subfield>
    <subfield code="4">0</subfield>
    <subfield code="7">0</subfield>
    <subfield code="a">ATENEOM</subfield>
    <subfield code="b">ATENEOM</subfield>
    <subfield code="c">SPB</subfield>
    <subfield code="d">2011-04-14</subfield>
    <subfield code="l">0</subfield>
    <subfield code="o">B-13794</subfield>
    <subfield code="p">1186708</subfield>
    <subfield code="r">2023-02-23 00:00:00</subfield>
    <subfield code="w">2023-02-23</subfield>
    <subfield code="y">MONOGRAFIA</subfield>
  </datafield>
</record>
